La consulta previa a grupos étnicos en Colombia (Registro nro. 8293)

Detalles MARC
000 -CABECERA
Campo de control 01011nam a22002537a 4500
005 - FECHA Y HORA DE LA ULTIMA TRANSACCION
Campo de control 20140314104546.0
008 - ELEMENTOS DE LONGITUD FIJA—INFORMACION GENERAL
Campo de control 140314s2009 ck d gr 00010 spa d
020 ## - ISBN
ISBN 9589382112
041 ## - IDIOMA
Código de idioma para texto/pista de sonido o título separado Español
044 ## - PAÍS DE PUBLICACIÓN
País de publicación Colombia
082 04 - NUMERO DE CLASIFICACION DECIMAL DEWEY
Número de clasificación 349.861
Número del ítem C71c
110 1# - ASIENTO PRINCIPAL--NOMBRE CORPORATIVO
Nombre corporativo o de jurisdicción como elemento de entrada Colombia
Unidad subordinad Ministerio del Interior y de Justicia
245 13 - MENCION DE TITULO
Título La consulta previa a grupos étnicos en Colombia
Parte restante del título compendio de legislación, jurisprudencia y documentos de estudio
Mención de responsabilidad Ministerio del Interior y de Justicia
250 ## - MENCION DE EDICION
Mención de edición 2a. ed.
260 ## - PUBLICACION, DISTRIBUCION, ETC. (PIE DE IMPRENTA)
Lugar de publicación, distribución, etc. Bogotá
Nombre del editor, distribuidor, etc. Ministerio del Interior y de Justicia
Fecha de publicación, distribución, etc. 2009
300 ## - DESCRIPCION FISICA
Extensión 782 p.
Otros detalles físicos tablas, gráficas
Dimensiones 24 cm.
504 ## - NOTA DE BIBLIOGRAFIA, ETC.
Nota de bibliografía Incluye bibliografía página 782
650 #4 - ASIENTO SECUNDARIO DE MATERIA - TERMINO TEMATICO
Término temático o nombre geográfico como elemento de entrada Indígenas de Colombia
Subdivisión general Legislación
650 #4 - ASIENTO SECUNDARIO DE MATERIA - TERMINO TEMATICO
Término temático o nombre geográfico como elemento de entrada Derechos humanos
Subdivisión geográfica Colombia
650 #4 - ASIENTO SECUNDARIO DE MATERIA - TERMINO TEMATICO
Término temático o nombre geográfico como elemento de entrada Derechos de los indígenas
Subdivisión geográfica Colombia
Subdivisión de forma Jurisprudencia
650 #4 - ASIENTO SECUNDARIO DE MATERIA - TERMINO TEMATICO
Término temático o nombre geográfico como elemento de entrada Jurisprudencia etnológica
Subdivisión geográfica Colombia
650 #4 - ASIENTO SECUNDARIO DE MATERIA - TERMINO TEMATICO
Término temático o nombre geográfico como elemento de entrada Consulta previa
Subdivisión general Legislación
Subdivisión geográfica Colombia
942 ## - ELEMENTOS ADICIONALES (KOHA)
Sistema de clasificación Dewey Decimal Classification
Tipo de ítem Impreso
Existencias
Withdrawn status Lost status Sistema de Clasificación Damaged status No para préstamo Colección Inventariado Ubicación Permanente Ubicación actual Fecha de adquisición Fuente de Valor Valor Total Checkouts Número topográfico Inventario / Código de Barras Date last seen Ejemplar Price effective from Forma de adquisición Tipo de material
    Dewey Decimal Classification     General Inventariado 2017 Bogotá Bogotá 14/03/2014 Instituto 39000.00   LB-349.861 C71c 034318 14/03/2014 Ej. 1 14/03/2014   Libro
    Dewey Decimal Classification     General Inventariado 2017 Bogotá Bogotá 09/03/2017 Instituto 39000.00   LB-349.861 C71c 029627 09/03/2017 Ej. 2 09/03/2017 Canje Libro